000
00268nam a2200109Ia 4500
008
220204s9999 xx 000 0 und d
082
_a
336.764.24
_b
WIN
100
_a
WINKLER, John
245
0
_a
Bargaining for results
260
_a
Oxford
_b
Heinemann
_c
1981
942
_c
BK
999
_c
39992
_d
39992